|
|
|
|
| LEADER |
00000nam0a2200000 4500 |
| 001 |
108865 |
| 005 |
20231101214828.0 |
| 035 |
|
|
|a (RuTPU)RU\TPU\book\117519
|
| 090 |
|
|
|a 108865
|
| 100 |
|
|
|a 20070126d2006 k y0rusy50 ca
|
| 101 |
0 |
|
|a rus
|
| 102 |
|
|
|a RU
|
| 105 |
|
|
|a a dm 001zy
|
| 200 |
1 |
|
|a Фоторефрактивный эффект в нестехиометричных кристаллах ниобата лития и оптических волноводах на их основе
|e автореферат диссертации на соискание ученой степени кандидата физико-математических наук
|e Спец. 02.00.04
|f О. Г. Севостьянов
|g Кемеровский государственный университет; науч. рук. С. М. Кострицкий
|
| 210 |
|
|
|a Кемерово
|c [Б. и.]
|d 2006
|
| 215 |
|
|
|a 23 с.
|c ил.
|
| 300 |
|
|
|a Защита сост. 27.12.2006 г.
|
| 320 |
|
|
|a Библиогр.: с. 21-23 (34 назв.).
|
| 606 |
1 |
|
|a Кристаллы
|x Оптические свойства
|2 stltpush
|3 (RuTPU)RU\TPU\subj\16354
|9 42444
|
| 610 |
1 |
|
|a физика
|
| 610 |
1 |
|
|a ниобаты
|
| 610 |
1 |
|
|a ниобат лития
|
| 610 |
1 |
|
|a фоторефракция
|
| 610 |
1 |
|
|a фоторефрактивные эффекты
|
| 610 |
1 |
|
|a дефектная структура
|
| 610 |
1 |
|
|a неоднородный нагрев
|
| 610 |
1 |
|
|a волноводы
|
| 610 |
1 |
|
|a создание
|
| 610 |
1 |
|
|a авторефераты диссертаций
|
| 675 |
|
|
|a 548.0:535(04)
|v 3
|
| 686 |
|
|
|a 02.00.04
|2 oksvnk
|
| 700 |
|
1 |
|a Севостьянов
|b О. Г.
|g Олег Геннадьевич
|
| 702 |
|
1 |
|a Кострицкий
|b С. М.
|4 727
|
| 712 |
0 |
2 |
|a Кемеровский государственный университет
|2 stltpush
|3 (RuTPU)RU\TPU\col\402
|
| 801 |
|
1 |
|a RU
|b 63413507
|c 20070126
|g PSBO
|
| 801 |
|
2 |
|a RU
|b 63413507
|c 20200917
|g PSBO
|
| 942 |
|
|
|c BK
|